Les Pokemon du Parc Safari - Statistiques

Statistiques générales
  • Ce quiz a été pris 76 fois
  • Le résultat moyen est 19 sur 28
Statistiques - réponses
Réponse % Correct
Tauros
89%
Leveinard
86%
Magicarpe
86%
Kangourex
83%
Scarabrute
83%
Insecateur
82%
Nidoran femelle
82%
Nidoran male
82%
Nidorina
82%
Nidorino
82%
Poissirene
82%
Poissoroy
82%
Rhinocorne
78%
Psykokwak
71%
Noeunoeuf
69%
Doduo
66%
Mimitoss
65%
Minidraco
62%
Ptitard
62%
Saquedeneu
62%
Aeromite
60%
Ramoloss
58%
Draco
57%
Krabby
54%
Paras
54%
Parasect
54%
Ossatueur
37%
Osselait
37%
Aucun quiz correspondant
Distribution des résultats
% des personnes avec chaque résultat
Percentile par nombre de réponses
Votre historique - résultats
Vous n’avez pas pris ce quiz